Loading...
| Current Events | 1 | 20.00 | 100% | 100% | 0% |
| Fine Arts - Classical Music | 4 | 15.00 | 75% | 75% | 0% |
| Fine Arts - Other | 5 | 12.00 | 80% | 40% | 0% |
| Fine Arts - Painting and Sculpture | 8 | 18.75 | 100% | 63% | 25% |
| Geography | 2 | 15.00 | 100% | 50% | 0% |
| History - American | 5 | 18.00 | 100% | 80% | 0% |
| History - European | 10 | 25.00 | 100% | 100% | 50% |
| History - Other | 9 | 17.78 | 100% | 67% | 11% |
| History - World | 3 | 16.67 | 67% | 67% | 33% |
| Literature - American | 5 | 14.00 | 100% | 40% | 0% |
| Literature - British | 5 | 14.00 | 100% | 40% | 0% |
| Literature - European | 5 | 12.00 | 100% | 20% | 0% |
| Literature - World | 6 | 13.33 | 100% | 33% | 0% |
| Mythology | 5 | 16.00 | 100% | 40% | 20% |
| Other Academic | 1 | 10.00 | 100% | 0% | 0% |
| Philosophy | 3 | 20.00 | 100% | 67% | 33% |
| Pop Culture | 2 | 20.00 | 100% | 100% | 0% |
| Religion | 5 | 20.00 | 100% | 80% | 20% |
| Science - Biology | 9 | 13.33 | 100% | 33% | 0% |
| Science - Chemistry | 6 | 16.67 | 100% | 67% | 0% |
| Science - Other | 6 | 18.33 | 100% | 67% | 17% |
| Science - Physics | 5 | 18.00 | 100% | 60% | 20% |
| Social Science | 8 | 8.75 | 88% | 0% | 0% |